Polymorbidita v klinike chorôb vyššieho veku

Podrobná bibliografia
Hlavný autor: Smoleňová, L. (Autor)
Médium: Článok
Jazyk:slovenčina
Fyzický popis:Tb. 1. Grafy 2. Res. rus., angl., nem., lit. 14 zázn. v češ., nem., ruš.
Predmet:

MARC

LEADER 00000nab a2200000 a 4500
001 vtls000208135
003 SK-MaSNL
005 20260304061113.0
008 250422c1985 xo 0 slo
015 |a SNBRB19rr/mm-uuuuu 
035 |a CL0218248 
035 |a urn:nbn:sk:snk-ab6kx5 
035 |a (uuid)6b7d1bdd-881a-4706-ae57-3b8a07aad001 
035 |a (urnnbn)urn:nbn:sk:snk:ar-005fru 
035 |a (sysno)vtls000208135 
040 |a SNKBUCL  |b slo  |c SNKBUCL  |e AACR2 
041 0 |a slo 
044 |a xo  |c SK 
080 |a 616-053.9  |2 1981 
100 1 |a Smoleňová, L.  |4 aut  |9 800757 
245 1 0 |a Polymorbidita v klinike chorôb vyššieho veku  |c L. Smoleňová 
300 |b Tb. 1. Grafy 2. Res. rus., angl., nem., lit. 14 zázn. v češ., nem., ruš. 
650 0 7 |a geriatria  |2 snkbucl  |9 903 
650 0 7 |a polymorbidita  |2 snkbucl  |9 863373 
655 7 |a články z novín a časopisov  |2 snkbucl  |9 267496 
773 0 |t Lekársky obzor  |g Roč. 34, č. 2 (1985), s. 95-100 
850 |a Slovenská národná knižnica 
852 |a Slovenská národná knižnica 
954 |a odborná, vedecká literatúra pôvodná (slovenská)  |2 lita 
958 |a article2022 
958 |a OND 
958 |a NB 
958 |a RK 
958 |a MI 
958 |a EUIPO 
992 |a RBX 
999 |c 2731407  |d 2733337